000
00314nam a22001457a 4500
008
210302b ||||| |||| 00| 0 eng d
020
_a
0673141446
041
_a
eng
080
_2
2nd
_a
37
082
_a
37
100
_a
46
101
_a
EDU
245
_a
Language skills and Use
_c
Beech, L. W
942
_2
udc
_c
BK
999
_c
55460
_d
55460